| 000 | 01395nam0a22003131 4500 | ||
|---|---|---|---|
| 001 | rc\415235 | ||
| 005 | 20250621075810.0 | ||
| 035 | _a(NLR Aleph) 005662989 | ||
| 090 |
_a6892958 _c6892958 |
||
| 100 | _a20030616d1987 |||y0rusy50 ca | ||
| 101 | 0 | _arus | |
| 102 | _aRU | ||
| 105 | _aa ||||||||| | ||
| 200 | 1 |
_aВисячий камень _eПовести и рассказы _fГеннадий Баннов _g[Худож. С. Гутник] |
|
| 210 |
_aУфа _cБашк. кн. изд-во _d1987 |
||
| 215 |
_a315, [1] с. _cил. _d17 |
||
| 327 | 1 | _aСодерж.: Повести: Высота "П"; Двое; Рассказы: Юность лейтенанта Полетаева; Замшевая тетрадь; Динка; Висячий камень | |
| 464 | 0 |
_12001#$aВысота "П" _tВысота "П" |
|
| 464 | 0 |
_12001#$aДвое _tДвое |
|
| 464 | 0 |
_12001#$aЮность лейтенанта Полетаева _tЮность лейтенанта Полетаева |
|
| 464 | 0 |
_12001#$aЗамшевая тетрадь _tЗамшевая тетрадь |
|
| 464 | 0 |
_12001#$aДинка _tДинка |
|
| 464 | 0 |
_12001#$aВисячий камень _tВисячий камень |
|
| 700 | 1 |
_aБаннов _bГ.Е. _f1928- _gГеннадий Ефимович |
|
| 801 | 0 |
_aRU _bNLR _gpsbo |
|
| 801 | 1 |
_aRU _bELAR _2rusmarc |
|
| 852 |
_aNLR _j87-2/3360 |
||
| 942 | _cBOOK | ||
| 980 | _aNB | ||